000 01401nam0a2200253 4500
001 RU\NLR\BIBL_A\010980365
005 20260406072841.0
035 _a(NLR Aleph) 010980365
090 _a10868490
_c10868490
100 _a20160211d1970 |||y0rusy50 ca
101 0 _aalt
102 _aRU
105 _ay z 000 y
200 1 _aТӧртинчи класста тӧрӧл литература аайынча методический jакылталар
_fС. С. Суразаков
_gАлбаты ӱредӱзиниҥ Горно-Алт. обл. бӧлӱги. Горно-Алт. обл. ӱредӱчилериниҥ ӱредӱзин бийиктедер ин-т
210 _aГорно-Алтайск
_cГорно-Алт. обл. ӱредӱчилериниҥ ӱредӱзин бийиктедер ин-т
_d1970
215 _a39,[1] с.
_d20
541 1 _aМетодические указания по родной литературе для 4-го класса
_zrus
606 1 _aАлтайская литература
_xПреподавание
_xСредняя школа
_92101101
_3RU\NLR\AUTH\661574323
686 1 _aЧ426.21
700 1 _4070
_8rus
_7ca
_aСуразаков
_bС.С.
_f1925-1980
_gСазон Саймович
_cалтайский писатель
_3RU\NLR\auth-onl\77597
_9130653
852 _aNLR
_bОНЛ
_jАлт./2-698
942 _cBOOK
980 _aNB